FIFPRO World XI: 2005 - 2014 - Statistics

General Stats
  • This quiz has been taken 542 times
  • The average score is 43 of 50
Answer Stats
Player % Correct
Cristiano Ronaldo
100%
Lionel Messi
100%
Manuel Neuer
99%
Gianluigi Buffon
98%
Andres Iniesta
97%
Iker Casillas
97%
Xavi
97%
Zlatan Ibrahimovic
97%
Sergio Ramos
96%
Phillip Lahm
95%
Samuel Eto'o
94%
Gerard Pique
92%
Thiago Silva
92%
Andriy Shevchenko
91%
Arjen Robben
91%
Dani Alves
91%
Didier Drogba
91%
Marcelo
91%
Nemanja Vidic
91%
Paolo Maldini
91%
Ronaldinho
91%
David VIlla
90%
Steven Gerrard
90%
Toni Kroos
90%
Radamel Falcao
89%
Thierry Henry
89%
Wayne Rooney
89%
Zinedine Zidane
89%
Angel Di Maria
88%
Frank Lampard
88%
Fernando Torres
87%
Dida
86%
Fabio Cannavaro
86%
Rio Ferdinand
86%
Carles Puyol
85%
John Terry
85%
Kaka
84%
Andrea Pirlo
82%
David Luiz
81%
Alessandro Nesta
80%
Wesley Sneijder
78%
Cafu
75%
Franck Ribery
73%
Xabi Alonso
73%
Patrice Evra
66%
Maicon
64%
Lucio
63%
Claude Makelele
56%
Gianluca Zambrotta
56%
Lilian Thuram
56%
No matching quizzes found
Score Distribution
Percent of People with Each Score
Percentile by Number Answered
Your Score History
You have not taken this quiz